MARC

LEADER 00000nam0a2200000 4500
001 253514
005 20231101232842.0
010 |a 5120010555 
020 |a RU  |b 89-42033 
035 |a (RuTPU)RU\TPU\book\275906 
090 |a 253514 
100 |a 20140314d1989 k a0rusy5003 ca 
101 0 |a rus 
102 |a UA 
105 |a y z 001zy 
200 1 |a Художественная культура и эстетическое развитие личности  |f Академия наук Украинской ССР (АН УССР), Институт философии ; под ред. В. И. Мазепы 
210 |a Киев  |c Наукова думка  |d 1989 
215 |a 292 с. 
225 1 |a АПКВ  |e Актуальные проблемы коммунистического воспитания 
320 |a Библиогр. в примеч.: с. 283-293. 
606 1 |a Эстетика  |2 stltpush  |3 (RuTPU)RU\TPU\subj\21426  |9 46424 
610 1 |a художественная культура 
610 1 |a личность 
610 1 |a эстетическая культура 
610 1 |a искусство 
610 1 |a эмоции 
610 1 |a социально-психологические проблемы 
610 1 |a жанры 
610 1 |a буржуазная эстетика 
686 |a Ю81  |2 rubbk 
702 1 |a Мазепа  |b В. И.  |4 340 
712 0 2 |a Академия наук Украинской ССР (АН УССР)  |b Институт философии  |2 stltpush  |3 (RuTPU)RU\TPU\col\12865 
801 0 |a RU  |b RuMRKP  |c 19960704  |g psbo 
801 1 |a RU  |b 63413507  |c 20140314 
801 2 |a RU  |b 63413507  |c 20140422  |g RCR 
942 |c BK